Statistiken für Altes Testament für Fortgeschrittene (Evangelisch)

Klicken Sie hier um das Quiz zu spielen!

Allgemein

  • Dieses Quiz wurde 22 mal gespielt
  • Das Durchschnittsergebnis liegt bei 24 aus 44

Antwortstatistiken

Bücher% Korrekt
Genesis
100%
Exodus
95%
Deuteronomium
89%
Levitikus
89%
Numeri
89%
Pentateuch
74%
Buch der Richter
63%
Das Buch Josua
58%
Das Buch Rut
58%
Das erste Buch Samuel
58%
Das zweite Buch Samuel
58%
Der Prophet Daniel
58%
Das Buch Esther
53%
Das Buch Hiob
53%
Das Buch Nehemia
53%
Das erste Buch der Chronik
53%
Das erste Buch der Könige
53%
Das zweite Buch der Chronik
53%
Das zweite Buch der Könige
53%
Der Prophet Haggai
53%
Der Prophet Jeremia
53%
Der Prophet Jesaja
53%
Der Prophet Maleachi
53%
Der Prophet Sacharja
53%
Die Psalmen
53%
Geschichtsbücher
53%
Das Buch Esra
47%
Das Hohe Lied
47%
Der Prophet Amos
47%
Der Prophet Habakuk
47%
Der Prophet Hosea
47%
Der Prophet Joel
47%
Der Prophet Jona
47%
Der Prophet Micha
47%
Der Prophet Nahum
47%
Der Prophet Obadja
47%
Die Klagelieder
47%
Kleine Propheten
42%
Der Prediger
37%
Der Prophet Hesekiel
37%
Der Prophet Zefanja
37%
Die Sprüche
37%
Große Propheten
37%
Lehrbücher
16%

Verteilung der Resultate

Perzentil nach korrekt beantworteten Fragen

Anzahl Personen mit jedem Resultat

Ihre Resultats-Entwicklung

Sie haben dieses Quiz noch nicht gespielt